Phép tính tenxơ

محفوظ في:
التفاصيل البيبلوغرافية
المؤلف الرئيسي: Trịnh Phôi
التنسيق: كتاب
اللغة:Undetermined
منشور في: Hà Nội Giáo Dục 1997
الموضوعات:
الوسوم: إضافة وسم
لا توجد وسوم, كن أول من يضع وسما على هذه التسجيلة!
Thư viện lưu trữ: Trung tâm Học liệu Trường Đại học Cần Thơ
LEADER 00445nam a2200169Ia 4500
001 CTU_47435
008 210402s9999 xx 000 0 und d
082 |a 515.63 
082 |b Ph452/1998 
100 |a Trịnh Phôi 
245 0 |a Phép tính tenxơ 
245 0 |c Trịnh Phôi 
260 |a Hà Nội 
260 |b Giáo Dục 
260 |c 1997 
650 |a tensor analysis 
980 |a Trung tâm Học liệu Trường Đại học Cần Thơ